K-Pop Demon Hunter - Statistiques

Statistiques générales
  • Ce quiz a été pris 434 fois
  • Le résultat moyen est 6 sur 7
Statistiques - réponses
Question Réponse % Correct
Comment se nomme le groupe de musique des démons ? Les Saja-Boys
98%
Comment se nomme le groupe de musique des chasseresses ? Huntrix
97%
Comment se nomme la barrière magique créée pour retenir les démons dans leur monde ? Le Honmoon
94%
Comment se nomme le tube que les Démons sortent pour battre les Chasseresses ? Soda Pop
85%
Comment se nomme le chef des démons ? Gwi-Ma
83%
Comment se nomme la chasseresse aux cheveux roses-violets ? Rumi
76%
Comment se nomme le tube que les Chasseresses sortent pour battre les démons ? Golden
69%
Aucun quiz correspondant
Distribution des résultats
% des personnes avec chaque résultat
Percentile par nombre de réponses
Votre historique - résultats
Vous n’avez pas pris ce quiz